Famous People with Animals in their Names Quiz Stats

 Plays Quiz not verified by Sporcle

Score 0/10 Timer 03:00
0 Plays Today
The Gladiator Russel Crowe % Correct
'Scandalous' Golfer Tiger Woods
86.3%
Parkinson's DiseaseMichael J. Fox
64.7%
Pro SkaterTony Hawk
56.9%
Famous NBA player (celtic)Larry Bird
51%
Boy Band Musician Alongside Justin TimberlakeLance Bass
45.1%
Adventurer - Man Vs. WildBear Grylls
39.2%
Drop It Like It's HotSnoop Dogg
37.3%
Wild World & Peace Train Cat Stevens
35.3%
Soak Up the SunSherly Crow
27.5%
British Soul Singer/SongwriterSeal
7.8%

You're not logged in!

Compare scores with friends on all Sporcle quizzes.
OR
Log In

You Might Also Like...

Show Comments

Extras

Top Quizzes Today


Score Distribution

Your Account Isn't Verified!

In order to create a playlist on Sporcle, you need to verify the email address you used during registration. Go to your Sporcle Settings to finish the process.

Report this User

Report this user for behavior that violates our Community Guidelines.

Details: